Visualizzazione normale
Vista MARC
- Bocelli Andrea
di Personal Name
Records bibliografici associati: 1
001 - CONTROL NUMBER
- control field: 31001
003 - CONTROL NUMBER IDENTIFIER
- control field: IT-RoPau
005 - DATE AND TIME OF LATEST TRANSACTION
- control field: 20140621122445.0
008 - FIXED-LENGTH DATA ELEMENTS
- fixed length control field: 140621|| aca||aabn | a|a d
040 ## - CATALOGING SOURCE
- Original cataloging agency: IT-RoPau
- Transcribing agency: IT-RoPau
100 ## - HEADING--PERSONAL NAME
- Personal name: Bocelli Andrea
- Miscellaneous information: Codice interprete SPICS: 38874
- Relator term: Interprete
670 ## - SOURCE DATA FOUND
- Source citation: Work cat.: (IT-RoPau)102711: AA.VV. 794, Viaggio italiano